El contrato de depósito en el derecho romano

Saved in:
Bibliografiske detaljer
Hovedforfatter: Herrera Bravo, Ramón (Author)
Format: Bog
Sprog:spansk
Udgivet: Granada TAT 1987
Serier:Opera histórica ad iurisprudentiam excpectantia, 8
Fag:
Tags: Tilføj Tag
Ingen Tags, Vær først til at tagge denne postø!

MARC

LEADER 00000nam a2200000 a 4500
001 UCR1288
003 CL-VaPUC
008 971212e19870000SP |||||||||||||||||spa|d
082 0 4 |a 340.54  |b HER  |2 21 
100 |a Herrera Bravo, Ramón  |e author  |9 619958 
245 1 3 |a El contrato de depósito en el derecho romano 
300 |a 481 p 
942 |c BK 
945 |d 19971212 00:00:00  |a aolguin 
260 |a Granada  |b TAT  |c 1987 
650 0 |a Derecho romano  |9 255930 
650 7 |a CONTRATO DE DEPOSITO  |2 CL-VaPUC  |9 386651 
650 0 |a Negocios  |9 262468 
650 7 |a PROTECCION  |2 CL-VaPUC  |9 398379 
650 7 |a PRETOR  |2 CL-VaPUC  |9 398373 
650 0 |a Derecho pretorio  |9 397582 
650 0 |a Fuentes de las obligaciones   |9 385043 
650 0 |a Derecho justiniano  |9 397596 
583 |a last modification  |c 19971212 00:00:00  |k Rodrigo Vera 
490 0 |a Opera histórica ad iurisprudentiam excpectantia, 8 
999 |c 264763  |d 264761 
952 |0 0  |1 0  |4 0  |6 340_540000000000000_HER_1987  |7 0  |8 DER_ROM  |9 295171  |a BIBDER  |b BIBDER  |d 2019-11-19  |i 1918613  |o 340.54 HER 1987  |p 1918613  |r 2023-01-25  |w 2019-11-19  |x Ubicación 4to piso  |y BK  |z Este recurso debe solicitarse con anticipación  |k DER